000 00322nam a2200121Ia 4500
008 240731s9999 xx 000 0 und d
022 _a2053-1710
245 0 _aJournal on the Use of Force and International Law
260 _bRoutledge
856 _uhttps://www.tandfonline.com/loi/rjuf20
942 _2ddc
942 _cTFEJ
999 _c78355
_d78355
945 _a1
_bMadushi Gamage
_c1
_dMadushi Gamage